| 000 | 00657nam a2200193Ia 4500 | ||
|---|---|---|---|
| 008 | 190412s9999 xx 000 0 und d | ||
| 100 | _aClifford Asness, Andrea Frazzini, Ronen Israel, Tobias J. Maskowitz, & Lasse H. Pederson | ||
| 245 | _aSize matters, if you control your junk / | ||
| 245 | _cClifford Asness, Andrea Frazzini, Ronen Israel, Tobias J. Maskowitz, & Lasse H. Pederson | ||
| 260 | _belsevier | ||
| 260 | _c2018 | ||
| 300 | _apages 479-509, September 2018 | ||
| 440 |
_aJournal of Financial Economics _v129 (3) |
||
| 650 | _aFactor Models | ||
| 650 | _aFINANCE | ||
| 650 | _aQuality | ||
| 650 | _aSize Premium | ||
| 942 |
_2lcc _cSE |
||
| 999 |
_c361381 _d361381 |
||